Datum a čas kvízu
31
Celkem bodů
Celkový počet nahraných bodů na tomto kvízu bez doplňovacích otázek.
5.
Pořadí na kvízu
Konečné umístění týmu na tomto kvízu.
Zaznamenané odpovědi
| # | Otázka | Odpověď | Body | Výsledky |
|---|---|---|---|---|
| 1. | Český marketér a komentátor Ma... | 0 | ||
| 2. | Pět nenechavců ve Španělsku se... | 1 | ||
| 3. | Ve čtvrtek přišel do kin celov... | 0 | ||
| 4. | Česká pošta od 1. února zvýšil... | 0 | ||
| 5. | Norští sportovci musejí před b... | 0 | ||
| 6. | Toto téma jste si na facebooko... | 1 | ||
| 7. | Přiřaďte k sobě správně české... | 1 | ||
| 5. | U prvních sedmi párů žeber při... | 1 | ||
| 5. | Jsou-li splněny všechny ostatn... | 0 | ||
| 5. | Tenké střevo člověka se obecně... | 1 |